000 00924nam a2200313 a 4500
001 58107
003 CO-BoRNBP
005 20250815213503.0
007 ta
008 881209s1983 sp a jr 00011 spa d
020 _a8420430625
040 _ala
_cla
041 1 _aspa
_heng
043 _an-us---
082 0 4 _aI813.5
_bM17t1
_219 ed.
100 1 _aMarshall, Edward.
_962444
245 1 0 _aTres junto al mar /
_cpor Edward Marshall ; ilustraciones de James Marshall ; traducción de Flora Casas.
250 _a1a. edición
300 _a48 p. :
_bil. ;
_c19 cm.
336 _2rdacontent
_atexto
_btxt
337 _2rdamedia
_asin mediación
_bn
338 _2rdacarrier
_avolumen
_bnc
534 _tThree by the sea.
650 7 _aCuentos infantiles estadounidenses.
_2BLAAUTO
_9823
700 1 _aMarshall, James,
_eil.
_962445
700 1 _aCasas, Flora,
_etr.
_939778
942 _2ddc
_cBK
949 _an
_bn
999 _c58107
_d58107